02162nam a2200265 i 4500003000400000005001700004008004100021020003800062040002500100082001600125100002900141245009700170264004700267264001100314300009300325336002100418337002500439338002300464504005100487520125000538650002701788650002001815650002901835650003201864OSt20240121101905.0240121t20222022enkabf e | 001 0 eng d a9780500252635cRM156.00qhardback aPPAKbengcPPAKerda04223a599.9381 aPettitt, Paul, eauthor.10aHomo Sapiens Rediscovered :bTHE SCIENTIFIC REVOLUTION REWRITING OUR ORIGINS /cPaul Pettitt 1aLondon :bThames & Hudson, Limited, c2022 4c©2022 a304 pages, 16 unnumbered pages of plates : billustrations (some colour), maps ; c24 cm atext2rdacontent aunmediated2rdamedia avolume2rdacarrier aIncludes bibliographical references and index. aWho are we? How do scientists define Homo sapiens, and how does our species differ from the extinct hominins that came before us? This illuminating book explores how the latest scientific advances, especially in genetics, are revolutionizing our understanding of human evolution. Paul Pettitt reveals the extraordinary story of how our ancestors adapted to unforgiving and relentlessly changing climates, leading to remarkable innovations in art, technology and society that we are only now beginning to comprehend. Drawing on twenty-five years of experience in the field, Paul Pettitt immerses readers in the caves and rock shelters that provide evidence of our African origins, dispersals to the far reaches of Eurasia, Australasia and ultimately the Americas. Popular accounts of the evolution of Homo sapiens emphasize biomolecular research, notably genetics, but this book also draws from the wealth of information from specific excavations and artefacts, including the author's own investigations into the origins of art and how it evolved over its first 25,000 years. He focuses in particular on behaviour, using archaeological evidence to bring an intimate perspective on lives as they were lived in the almost unimaginably distant past.10aHuman beings vOrigin 20aHuman evolution20aExcavations (Archaeology20aHuman remains (Archaeology)